000 01253nam a2200241Ii 4500
003 JO-AjNU
005 20240630100158.0
008 230605s9999||||xx |||||||||||||| ||und||
040 _aJO-AjNU
_bara
_erda
_cJO-AjNU
041 _aara
050 1 4 _aQ335.2009
100 1 _aبحبوح، اسامة اسعد
_eمعد
_965904
245 0 0 _aتوظيف الذكاء الصنعي في أمثلة أداء نظم المعطيات الصناعية الموزعة = On the Use of Artificial Intelligence in Optimization of Distributed Industrial Data Systems Performance /
_cاعداد اسامة اسعد بحبوح؛ اشراف فاروق دريعي، اغيد القطعان
264 3 1 _a 2009
300 _a289 ورقة
336 _atext
_btxt
_2rdacontent
337 _aunmediated
_bn
_2rdamedia
338 _avolume
_bnc
_2rdacarrier
500 _aرسالة جامعية (دكتوراة في هندسة الحواسيب ةالأتمتة )--جامعة دمشق ، كلية الهندسة الميكانيكية والكهربائية، قسم هندسة الحواسيب والأتمتة ، 2007
700 1 _aدريعي، فاروق
_eمشرف رئيسي
_965906
700 1 _aالقطعان، اغيد
_eمشرف مشارك
_965907
942 _2lcc
_cTHS
999 _c26669
_d26669